| 000 | 01021cac a22002771u 4500 | ||
|---|---|---|---|
| 090 | _c8380 | ||
| 008 | 081029t1996 xxu||||| |||| 00| 0 eng d | ||
| 010 | _a 96004895 | ||
| 020 | _a0415108357 (cloth) | ||
| 020 | _a0415108365 (paper) | ||
| 082 | 0 | 0 |
_a001.422 _bLEV |
| 100 | _aLevitas, Ruth. | ||
| 245 | 0 | 0 |
_aInterpreting official statistics / _cedited by Ruth Levitas and Will Guy. |
| 260 |
_aLondon ; _aNew York : _bRoutledge, _c1996. |
||
| 300 |
_ax, 214 p. : _bill. ; _c24 cm. |
||
| 500 | _aDistributer: Al-Ahram. | ||
| 504 | _aIncludes bibliographical references and index. | ||
| 511 | _aCatalogued By: Mahitab. | ||
| 651 | 0 |
_aGreat Britain _xStatistical services _xEvaluation. |
|
| 651 | 0 |
_aGreat Britain _xStatistics _xEvaluation. |
|
| 700 | 1 |
_aLevitas, Ruth, _d1949- |
|
| 700 | 1 |
_aGuy, Will, _d1940- |
|
| 856 | 4 | 2 |
_3Publisher description _uhttp://www.loc.gov/catdir/enhancements/fy0648/96004895-d.html |
| 942 |
_cBB _k001.422LEV _2ddc |
||
| 999 |
_c8380 _d8380 |
||